| 000 | 00976nam a22002537a 4500 | ||
|---|---|---|---|
| 999 |
_c29552 _d29523 |
||
| 003 | EG-ScBUE | ||
| 005 | 20211004105314.0 | ||
| 008 | 210930s2000 ua f 000 0 ara d | ||
| 017 | _a2000/15757 | ||
| 040 |
_aEG-ScBUE _bara _erda _cEG-ScBUE _dEG-ScBUE |
||
| 082 | 0 | 4 |
_a892.71609 _bس ا ل _222 |
| 100 | 1 |
_aسالم، حلمي _eمؤلف. |
|
| 245 | 1 | 2 |
_aالحداثة اخت التسامح : _bالشعر العربي المعاصر وحقوق الإنسان / _cحلمي سالم. |
| 264 | 1 |
_aالقاهرة : _bمركز القاهرة لدراسات حقوق الإنسان، _c2000. |
|
| 300 |
_a288 صفحة ؛ _c25 سم |
||
| 336 |
_2rdacontent _aنص _btxt |
||
| 337 |
_2rdamedia _aبدون وسيط _bn |
||
| 338 |
_2rdacarrier _aمجلد _bnc |
||
| 541 | _cDonation. | ||
| 650 | 7 |
_aالشعر العربي _xتاريخ _yالعصر الحديث. _2BUEsh |
|
| 653 | 7 |
_aBUEsh _bGGEN _cSeptember2021 |
|
| 655 | 7 |
_2BUEsh _vReading book _934232 |
|
| 942 | _2ddc | ||